Größte Fluss-Einzugsgebiete in Europa - Statistiken

Allgemein
  • Dieses Quiz wurde 97 mal gespielt
  • Das Durchschnittsergebnis liegt bei 15 aus 34
Antworten auf der Karte
Die Antworten werden auf der Karte rot bzw. grün angezeigt, abhängig davon wie oft sie richtig erraten wurden.
 
Antwortstatistiken
km² Strom % Korrekt
437 k Don
100%
802 k Donau
100%
185 k Rhein
100%
148 k Elbe
98%
73.7 k Po
93%
75.4 k Seine
93%
1433 k Wolga
93%
98.1 k Rhone
88%
119 k Oder
87%
46.3 k Weser
80%
117 k Loire
73%
193 k Weichsel
72%
84.8 k Ebro
67%
70.8 k Tajo
49%
510 k Dnepr
41%
55.8 k Garonne
36%
211 k Ural
34%
97.3 k Duero
31%
92.5 k Memel
28%
73.2 k Dnister
23%
281 k Newa
23%
85.6 k Düna
15%
57.1 k Guadalquivir
14%
67.0 k Guadiana
8%
63.6 k Südlicher Bug
8%
357 k Nördliche Dwina
7%
322 k Petschora
6%
53.5 k Mariza
5%
52.4 k Kuban
3%
78.0 k Mesen
3%
56.2 k Narva
3%
56.9 k Onega
3%
50.2 k Göta älv
2%
51.1 k Kemijoki
2%
Keine übereinstimmenden Quizze gefunden
Verteilung der Resultate
Anzahl Personen mit jedem Resultat
Perzentil nach korrekt beantworteten Fragen
Ihre Resultats-Entwicklung
Sie haben dieses Quiz noch nicht gespielt